| 000 | 00547nam a22001217a 4500 | ||
|---|---|---|---|
| 008 | 230619b xxu||||| |||| 00| 0 eng d | ||
| 020 | _a978-9966-008-53-4 | ||
| 082 |
_a332 _bCHI 2011 |
||
| 245 |
_aHow to Develop and Implement Resource Mobilization Strategy : _bStrategic Options for Resource Mobilization for your Organization, Including Donor Funding, Earned Income, Membership Fees, Fundraising from the Public and Investments _cJohn Chikati |
||
| 260 |
_aNairobi, Kenya _bREPARED Publishing Department _c2011 |
||
| 300 | _avii,98p | ||
| 942 |
_2ddc _cBK |
||
| 999 |
_c1359 _d1359 |
||